Is there anything new to say about Emile Durkheim and Marcel Mauss? /
Se presenta un trabajo del autor sobre la Escuela Francesa de Sociología. En primer lugar se presenta la biografía de Marcel Mauss, considerando sus Escritos Político; una versión de Cartas a Marcel Mauss de Emile Durkheim, y finalmente, una biografía de Durkheim. Además, el autor analiza el estado...
Zapisane w:
| 1. autor: | |
|---|---|
| Format: | Texto |
| Hasła przedmiotowe: | |
| Etykiety: |
Dodaj etykietę
Nie ma etykietki, Dołącz pierwszą etykiete!
|
MARC
| LEADER | 00000 a a2200000 04500 | ||
|---|---|---|---|
| 001 | 43673 | ||
| 003 | |||
| 040 | |||
| 100 | |a Fournier, Marcel | ||
| 245 | |a Is there anything new to say about Emile Durkheim and Marcel Mauss? / |c Marcel Fournier | ||
| 500 | |a marcel.fournier@umontreal.ca | ||
| 520 | |a Se presenta un trabajo del autor sobre la Escuela Francesa de Sociología. En primer lugar se presenta la biografía de Marcel Mauss, considerando sus Escritos Político; una versión de Cartas a Marcel Mauss de Emile Durkheim, y finalmente, una biografía de Durkheim. Además, el autor analiza el estado de la biografía en las Ciencias Sociales, discutiendo la dificultad de este tipo de trabajo y presentando algunos resultados de su estudio. Finalmente responde la pregunta, sí hay aún mucho que decir sobre Durkheim y Mauss. | ||
| 590 | |a KSR/NOVIEMBRE2012 | ||
| 650 | |a SOCIOLOGIA | ||
| 650 | |a EMILE DURKHEIM | ||
| 650 | |a MARCEL MAUSS | ||
| 650 | |a ANALISIS DE CONTENIDO | ||
| 773 | |g volumen27, número2 (2012), páginas 170-178 | ||
| 999 | |c 25285 |d 25285 | ||
